000 00570cam a22002291a 4500
001 9785826
005 20180103043806.0
008 940202r19531964ilu 000 0 eng
010 _a 53003533
015 _aGB54-43
035 _a(OCoLC)29737163
040 _aDLC
_cLMN
_dODaWU
_dOCoLC
_dUk
_dDLC
041 _aeng
042 _apremarc
080 _a330.4
082 _a330.4 FRI
100 1 _a52
101 _aEKO
245 1 0 _aEssays in positive economics /
_cby Milton Friedman.
906 _a7
_bcbc
_coclcrpl
_du
_encip
_f19
_gy-gencatlg
942 _2ddc
_cBK
999 _c39623
_d39623